| 000 | 00972nam a2200277 i 4500 | ||
|---|---|---|---|
| 001 | 000024844 | ||
| 003 | DO-SdBNP | ||
| 005 | 20250703143952.0 | ||
| 007 | ta | ||
| 008 | 110207s1984 dr 000 0 spa d | ||
| 040 |
_aDO-SdBNP _bspa _cBNPHU _erda |
||
| 082 | 4 |
_axxx _bC951p _222 |
|
| 100 |
_aCross Beras, Julio A. _eautor _4aut. _96904 |
||
| 245 | 1 | 3 |
_aEl pensamiento político de Ulises Heureaux / _cJulio A. Cross. |
| 264 | 1 |
_aSanto Domingo : _bMuseo del Hombre Dominicano, _c1984. |
|
| 300 |
_a19 páginas ; _c24 cm. |
||
| 336 |
_atexto _btxt _2rdacontent |
||
| 337 |
_asin mediación _bn _2rdamedia |
||
| 338 |
_avolumen _bn _2rdacarrier |
||
| 490 |
_aCiclo de Conferencias Pensamiento Dominicano; _v5 |
||
| 500 | _aIncluye datos biográficos del autor en la contracubierta | ||
| 590 | _aInventariado 2023 / MF | ||
| 650 | 4 |
_951682 _aPresidentes _zRepública Dominicana _vBiografía |
|
| 651 | 4 |
_931465 _aRepública Dominicana _xHistoria _y1882-1889 |
|
| 942 |
_2ddc _cLF2 |
||
| 999 |
_c24337 _d24337 |
||